000 00937nam a22003017a 4500
001 BR2014007058
003 BR-BrBNA
005 20230928104525.0
007 ta
008 230509b bl.||||| |||| 00| 0 por d
040 _aBR-BrBNA
_bpor
_cBiblioteca Nacional de Agricultura
041 _a(Por)
072 _aQ03; M12
_b8134
090 _ 8134 BR2014007058
100 1 _aLima, R.M.F. de
110 1 _aUniversidade Federal de Lavras, MG (Brasil)
_0Tese (Mestrado)
245 1 _aDesenvolvimento de metodologia eletroanalítica de tricaína em peixes (Oreochromis niloticus)
260 3 _aLavras, MG (Brasil):
_c2014.
300 _a106 p.
500 _aSummaries (Eng, Por); Bibliography p. 98-105; 26 illus.; 6 tables; 26 graphs
650 _aPISCICULTURA
650 _aTILAPIA
650 _aANESTESICO
650 _aCONTAMINAÇÃO
650 _aANALISE QUIMICA
909 _a202309
_bLucia
_c55
_dLucia Elande
942 _cBK
999 _c80392
_d80392